| 000 | 00629nam a22002177a 4500 | ||
|---|---|---|---|
| 005 | 20170124105916.0 | ||
| 010 | _aA-997064 | ||
| 020 | _c500.00 | ||
| 035 | _aA-997064 | ||
| 037 | _bCen Lib/Ret | ||
| 040 |
_aDPL _bEN |
||
| 082 |
_a343.04 _bVAR |
||
| 100 |
_aVaradarajan, D. _92701 |
||
| 245 |
_aWords and phrases : _cby D. Varadarajan _bjudicially defined under direct taxes / |
||
| 246 | _b | ||
| 260 |
_bBharat Publishing House _c1999 _aNew Delhi |
||
| 270 |
_b New Delhi _a222 Tarun Enclave _e110034 |
||
| 300 |
_a643p. _c24cm(Hb) |
||
| 650 |
_aPhrases _92702 |
||
| 942 |
_2ddc _cEN _h343.04 _mVAR |
||
| 999 |
_c122855 _d122855 |
||